Fundamentals of vacuum tubes (Record no. 16561)
[ view plain ]
| 000 -LEADER | |
|---|---|
| fixed length control field | 00747nam a2200157Ia 4500 |
| 008 - FIXED-LENGTH DATA ELEMENTS--GENERAL INFORMATION | |
| fixed length control field | 210327s9999||||xx |||||||||||||| ||und|| |
| 040 ## - CATALOGING SOURCE | |
| Transcribing agency | STCPL |
| 082 ## - DEWEY DECIMAL CLASSIFICATION NUMBER | |
| Classification number | 621.381 512 |
| Item number | EAS-F |
| 245 #0 - TITLE STATEMENT | |
| Title | Fundamentals of vacuum tubes |
| 250 ## - EDITION STATEMENT | |
| Edition statement | 3rd ed. |
| 260 ## - PUBLICATION, DISTRIBUTION, ETC. | |
| Place of publication, distribution, etc. | London |
| Name of publisher, distributor, etc. | Orbis Publishing Ltd. |
| Date of publication, distribution, etc. | 1949 |
| 300 ## - PHYSICAL DESCRIPTION | |
| Extent | 22 CM.,644P, XXI |
| 650 ## - SUBJECT ADDED ENTRY--TOPICAL TERM | |
| Topical term or geographic name entry element | Applied PhysicsVacuum Tubesइदगाह, प्रेमचन्द्र, आकाश-दीप जयशंकर प्रसाद माँ अषादेवी मित्र आशीर्वाद-सुदर्शन, पत्नी-जैनेन्द्र कुमार सहपाठी-जनार्दन प्रसाद झा दीज |
| 942 ## - ADDED ENTRY ELEMENTS (KOHA) | |
| Koha item type | Books |
| 041 ## - LANGUAGE CODE | |
| Language code of original | English |
| Withdrawn status | Lost status | Damaged status | Not for loan | Home library | Current library | Shelving location | Date acquired | Cost, normal purchase price | Total Checkouts | Full call number | Barcode | Date last seen | Price effective from | Koha item type |
|---|---|---|---|---|---|---|---|---|---|---|---|---|---|---|
| ST. THOMAS COLLEGE LIBRARY, PALAI | ST. THOMAS COLLEGE LIBRARY, PALAI | 2021-07-10 | 97.00 | 621.381 5 EAS-F | 24302 | 2021-07-10 | 2021-07-10 | Books |
